| 000 | 00461 a2200169 4500 | ||
|---|---|---|---|
| 003 | OSt | ||
| 005 | 20231207141858.0 | ||
| 008 | 231207b |||||||| |||| 00| 0 eng d | ||
| 020 | _a8189645463 | ||
| 020 | _a9788189920043 | ||
| 040 | _coclc | ||
| 082 |
_a947.7 _bSYE/W |
||
| 245 | _aWorld infopaedia : Ukraine / | ||
| 260 |
_aNew Delhi: _bPragun publications, _c2007. |
||
| 300 | _a346p | ||
| 942 |
_2ddc _cBK _h947.7 _iSYE/W _k947.7 _mSYE/W |
||
| 999 |
_c43735 _d43735 |
||